OECD guidelines on the protection of privacy and transborder flows of personal data

Saved in:
Bibliographic Details
Format: Book
Language:English
Published: Paris OECD 2002
Subjects:
Tags: Add Tag
No Tags, Be the first to tag this record!

MARC

LEADER 00000nam a2200000 4500
001 c132913
005 20221221092200.5
020 |a 92-64-19719-2 
041 0 |a eng 
044 |a FR 
245 1 0 |a OECD guidelines on the protection of privacy and transborder flows of personal data 
264 1 |a Paris  |b OECD  |c 2002 
300 |a 62 s. 
610 2 0 |a technológie informačné 
610 2 0 |a ochrana dát 
610 2 0 |a ochrana informácií 
610 2 0 |a siete počítačové 
610 2 0 |a ochrana osobnosti 
610 2 0 |a zákony 
610 2 0 |a predpisy právne 
610 2 0 |a svet 
610 2 0 |a OECD 
610 2 0 |a siete dátové 
610 2 0 |a spolupráca medzinárodná 
610 2 0 |a smernice